Music Quiz

Random Music Quiz

Australia #1 Singles of the 1960s Quiz Stats

Quiz not verified by Sporcle

Challenge
Share
Tweet
Embed
Score 0/168 Timer 20:00
0 Plays Today
Artist Title % Correct
The BeatlesHey Jude / Revolution
84.6%
The BeatlesI Want to Hold Your Hand
76.9%
Mary WellsMy Guy
76.9%
Roy OrbisonOh, Pretty Woman
76.9%
The Rolling Stones(I Can't Get No) Satisfaction
76.9%
The BeatlesHelp! / I'm Down
76.9%
Little Peggy MarchI Will Follow Him
69.2%
Petual ClarkDowntown
69.2%
The Beach BoysGood Vibrations
69.2%
Nancy Sinatra and Frank SinatraSomethin' Stupid
69.2%
Procol HarumA Whiter Shade of Pale
69.2%
The BeatlesSomething / Come Together
69.2%
Roy OrbisonCrying / Candy Man
61.5%
Lesley GoreIt's My Party
61.5%
The BeatlesCan't Buy Me Love / You Can't Do That
61.5%
The BeatlesA Hard Day's Night / Things We Said Today
61.5%
The Rolling StonesPaint It, Black / Long Long While
61.5%
The MonkeesI'm a Believer / (I'm Not Your) Steppin' Stone
61.5%
Paul and PaulaHey Paula
53.8%
Jan and DeanSurf City
53.8%
The HoneycombsHave I the Right?
53.8%
The BeatlesPaperback Writer / Rain
53.8%
The BeatlesYellow Submarine / Eleanor Rigby
53.8%
The Royal GuardsmenSnoopy vs. the Red Baron
53.8%
Richard HarrisMacArthur Park
53.8%
Elvis PresleySuspicious Minds
53.8%
Del ShannonRunaway
46.2%
DionThe Wanderer
46.2%
Jimmy Gilmer and the FireballsSugar Shack
46.2%
The BeatlesI Saw Her Standing There / Love Me Do
46.2%
Nancy SinatraThese Boots Are Made for Walkin'
46.2%
New Vaudeville BandWinchester Cathedral
46.2%
Bobby GoldsboroHoney
46.2%
CreamWhite Room / Those Were the Days
46.2%
Ricky NelsonTravelin' Man / Hello Mary Lou
38.5%
Bobby VintonRoses Are Red (My Love)
38.5%
The Four SeasonsWalk Like a Man
38.5%
Allan ShermanHello Muddah, Hello Fadduh
38.5%
The BeatlesI Feel Fine / She's a Woman
38.5%
Julie RogersThe Wedding
38.5%
Herman's HermitsMrs. Brown, You've Got a Lovely Daughter
38.5%
The BeatlesWe Can Work It Out / Day Tripper
38.5%
The TroggsWild Thing
38.5%
The BeatlesPenny Lane / Strawberry Fields Forever
38.5%
The BeatlesHello, Goodbye / I Am the Walrus
38.5%
Paul MauriatLove Is Blue
38.5%
The BeatlesLady Madonna / The Inner Light
38.5%
Jeannie C. RileyHarper Valley PTA
38.5%
Bee GeesI Started a Joke
38.5%
The Beatles with Billy PrestonGet Back / Don't Let Me Down
38.5%
The CowsillsHair
38.5%
The Rolling StonesHonky Tonk Women
38.5%
Elvis PresleyAre You Lonesome Tonight? / I Gotta Know
30.8%
Ray CharlesI Can't Stop Loving You
30.8%
Tommy RoeSheila
30.8%
Nat King ColeRamblin' Rose
30.8%
Artist Title % Correct
The Four SeasonsBig Girls Don't Cry / Conny-O
30.8%
Kyu SakamotoSukiyaki
30.8%
Gerry and the PacemakersYou'll Never Walk Alone
30.8%
The BeatlesRoll Over Beethoven / Hold Me Tight
30.8%
The EasybeatsFriday on My Mind
30.8%
Tom JonesGreen, Green Grass of Home
30.8%
The SeekersGeorgy Girl
30.8%
The BeatlesAll You Need Is Love / Baby, You're a Rich Man
30.8%
John Fred and His Playboy BandJudy in Disguise (With Glasses)
30.8%
The Irish RoversThe Unicorn
30.8%
Merrilee RushAngel of the Morning
30.8%
Elvis PresleyIn the Ghetto
30.8%
Johnny and the HurricanesBeatnik Fly
23.1%
Jim ReevesHe'll Have to Go
23.1%
Lonnie DoneganMy Old Man's a Dustman
23.1%
The VenturesWalk, Don't Run
23.1%
Elvis PresleyIt's Now or Never
23.1%
The DriftersSave the Last Dance for Me
23.1%
The HighwaymenMichael
23.1%
Elvis PresleyCan't Help Falling in Love / Rock-A-Hula Baby
23.1%
Mr. Acker BillStranger on the Shore
23.1%
Claude KingWolverton Mountain
23.1%
Frank IfieldI Remember You
23.1%
The BeatlesAll My Loving EP
23.1%
The BeatlesTicket to Ride / Yes It Is
23.1%
The SeekersThe Carnival Is Over
23.1%
Frank SinatraStrangers in the Night
23.1%
Herman's HermitsNo Milk Today
23.1%
Petula ClarkDon't Sleep in the Subway
23.1%
Engelbert HumperdinckThe Last Waltz
23.1%
Herb AlpertThis Guy's in Love with You
23.1%
Mama Cass with The Mamas & the PapasDream a Little Dream of Me
23.1%
The ScaffoldLily the Pink
23.1%
Bill Haley & His CometsJoey's Song / Ooh! Look-a-There, Ain't She Pretty?
15.4%
Crash CraddockBoom Boom Baby
15.4%
Emile Ford & the CheckmatesWhat Do You Want to Make Those Eyes at Me For?
15.4%
Rolf HarrisTie Me Kangaroo Down, Sport
15.4%
Connie FrancisEverybody's Somebody's Fool
15.4%
Elvis PresleyWooden Heart
15.4%
Elvis PresleySurrender
15.4%
Charlie DrakeMy Boomerang Won't Come Back
15.4%
Elvis PresleyGood Luck Charm / Anything That's Part of You
15.4%
Herb Alpert & the Tijuana BrassThe Lonely Bull / Acapulco
15.4%
Roy OrbisonIn Dreams
15.4%
The ChantaysPipeline
15.4%
The BeatlesRequests EP
15.4%
Cilla BlackYou're My World
15.4%
The Rolling StonesUnder the Boardwalk / Walking the Dog
15.4%
The BeatlesNowhere Man / Norwegian Wood (This Bird Has Flown)
15.4%
Peter and GordonLady Godiva
15.4%
The EasybeatsSorry / Funny Feelin'
15.4%
The 5th DimensionUp, Up and Away
15.4%
Vikki CarrIt Must Be Him
15.4%
John FarnhamSadie (The Cleaning Lady)
15.4%
Barry RyanEloise
15.4%
The BeatlesOb-La-Di, Ob-La-Da / While My Guitar Gently Weeps
15.4%
Artist Title % Correct
Russell MorrisThe Real Thing
15.4%
The BeatlesThe Ballad of John and Yoko
15.4%
Johnny O'KeefeShe's My Baby
7.7%
Elvis PresleyStuck on You / Fame and Fortune
7.7%
Bobby RydellSwingin' School / Ding-A-Ling
7.7%
Jimmie RodgersJust a Closer Walk with Thee
7.7%
The Beau MarksClap Your Hands
7.7%
Johnny O'KeefeCome On and Take My Hand / Don't You Know (Pretty Baby)
7.7%
Bert KaempfertWonderland by Night
7.7%
Bobby VeeRubber Ball
7.7%
Crash CraddockOne Last Kiss
7.7%
Andy StewartA Scottish Soldier
7.7%
Eddie HodgesI'm Gonna Knock on Your Door
7.7%
Johnny O'KeefeI'm Counting on You / Right Now
7.7%
Bob Moore and His OrchestraMexico
7.7%
James DarrenGoodbye, Cruel World
7.7%
Sandy NelsonLet There Be Drums
7.7%
Bobby DarinMultiplication / Irresistible You
7.7%
Kenny BallMidnight in Moscow
7.7%
Lucky StarrI've Been Everywhere
7.7%
Larry FinneganDear One
7.7%
Toni FisherWest of the Wall
7.7%
Del ShannonThe Swiss Maid
7.7%
Roy OrbisonWorking for the Man / Leah
7.7%
Elvis PresleyReturn to Sender
7.7%
The ShadowsThe Boys
7.7%
Del ShannonLittle Town Flirt
7.7%
The Rooftop SingersWalk Right In
7.7%
Ned MillerFrom a Jack to a King
7.7%
Bill JustisTamoure
7.7%
Johnny O'KeefeMove Baby Move / You'll Never Cherish a Love So True
7.7%
Rob E.G.55 Days at Peking
7.7%
The AtlanticsBombora
7.7%
Helen ShapiroNo Trespassing / Not Responsible
7.7%
Roy OrbisonBlue Bayou / Mean Woman Blues
7.7%
Kathy KirbyDance On!
7.7%
The BeatlesI Should Have Known Better / If I Fell
7.7%
Ray Columbus and the InvadersShe's a Mod
7.7%
Elvis PresleyAin't That Loving You, Baby / Ask Me
7.7%
The SeekersI'll Never Find Another You
7.7%
The BeatlesRock and Roll Music / Honey Don't
7.7%
Elvis PresleyCrying in the Chapel
7.7%
Billy Thorpe and the AztecsI Told the Brook / Funny Face
7.7%
Normie RoweQue Sera, Sera (Whatever Will Be, Will Be)
7.7%
Bobby and LaurieHitch Hiker
7.7%
B. J. ThomasMama
7.7%
The EasybeatsEasyfever EP
7.7%
Normie RoweOoh La La / Ain't Nobody Home
7.7%
Petula ClarkThis Is My Song
7.7%
The Royal GuardsmenSnoopy's Christmas
7.7%
The Irish RoversThe Orange and the Green / Whiskey on a Sunday
7.7%
Tom JonesHelp Yourself
7.7%
Peter SarstedtWhere Do You Go To (My Lovely)?
7.7%
Russell MorrisPart Three into Paper Walls / The Girl That I Love
7.7%
Ross D. WylieThe Star
7.7%
Roy OrbisonPenny Arcade
7.7%

You're not logged in!

Compare scores with friends on all Sporcle quizzes.
Join for Free
OR
Log In

You Might Also Like...

Show Comments

Extras

Top Quizzes Today


Score Distribution

Your Account Isn't Verified!

In order to create a playlist on Sporcle, you need to verify the email address you used during registration. Go to your Sporcle Settings to finish the process.

Report this User

Report this user for behavior that violates our Community Guidelines.

Details: